Normal view
MARC view
- Grant, Allison
Entry Personal Name
001 - CONTROL NUMBER
- control field: 37658
003 - CONTROL NUMBER IDENTIFIER
- control field: OSt
005 - DATE AND TIME OF LATEST TRANSACTION
- control field: 20150420110834.0
008 - FIXED-LENGTH DATA ELEMENTS
- fixed length control field: 150420|| aca||aabn | a|a d
040 ## - CATALOGING SOURCE
- Original cataloging agency: OSt
100 1# - HEADING--PERSONAL NAME
- Personal name: Grant, Allison
- Fuller form of name: (Allison Wynn),
- Dates associated with a name: 1961-